000 00323nam a22001337a 4500
008 170927b xxu||||| |||| 00| 0 eng d
020 _a9780023991509
041 _aeng
080 _22ND
_a37
100 _a46
101 _aEDU
245 _aAN INTRODUCTION TO CHILDREN WITH LANGUAGE DISORDERS
_cREED,V.A
942 _2udc
_cBK
999 _c30173
_d30173